| 000 | 01291nam a22003377a 4500 | ||
|---|---|---|---|
| 005 | 2011080208158.0 | ||
| 008 | 110802t xxu||||| |||| 00| 0 eng d | ||
| 010 | _aENG-103181 | ||
| 020 |
_a9780071332583 _c525.00 |
||
| 020 |
_a0071332588 _c525.00 |
||
| 035 | _aEN-86714 | ||
| 037 | _bDBAD / PUB | ||
| 040 |
_adpl _bEnglish |
||
| 082 | _a658.3 | ||
| 100 |
_aColquitt, Jason A. _929868 |
||
| 245 |
_aOrganizational behavior : _cby Jason A. Colquitt, Jeffery A. LePine [and] Michael J. _bimproving performance and commitment in the workplace / |
||
| 260 |
_aNew Delhi _bTata McGraw Hill _c2011 |
||
| 270 |
_a7, West Patel Nagar _bNew Delhi _e110002 |
||
| 300 |
_axxi,617p. : _c25cm (pbk) _bill. |
||
| 500 | _aIncludes bibliographical references and indexes | ||
| 650 |
_929869 _aOrganizational behavior. |
||
| 650 |
_aPersonnel management. _930711 |
||
| 650 |
_aStrategic planning. _930712 |
||
| 650 |
_aConsumer satisfaction. _930713 |
||
| 650 |
_aJob satisfaction. _930726 |
||
| 651 | _91549 | ||
| 700 |
_929871 _aLePine, Jeffery A. |
||
| 700 |
_aWesson, Michael J. _930727 |
||
| 942 |
_2ddc _cEN _h658.3 _mCOL |
||
| 999 |
_c54647 _d54647 |
||